Les 30 Monstres de Niveau 12 dans Yu-Gi-Oh! - Statistiques

Statistiques générales
  • Ce quiz a été pris 12 fois
  • Le résultat moyen est 6 sur 30
Statistiques - réponses
Monstres de Niveau 12 à Yu-Gi-Oh! % Correct
Chevalier Maître des Dragons
60%
Dragon à Cinq Têtes
60%
Dragon de la Vérité Corrompu
50%
Z-ARC, Roi Suprême
50%
Dragon Quasar Filant
40%
Armityle le Fantôme du Chaos
30%
Dragon Blazar Cosmique
30%
Dragon Nova Rouge
30%
Dystopie le Déprimé
30%
Dragon Ultime au Yeux Bleus
20%
Geh le Serpent Divin
20%
Magicien Quintette
20%
Mekanikle, Astre Meklord
20%
Sifr Poussière d'Etoile Dragon Divin
20%
Yubel- Cauchemar Ultime
20%
Assaut Aile Noire- Onimaru le Tonnerre Divin
10%
Canon Hallebarde T.G
10%
Canon Hallebarde T.G/ Mode Assaut
10%
Fleur Cardian Paulownia
10%
Fleur Cardian Paulownia avec Phénix
10%
Héraut de l'Ultime
10%
Holactie le Créateur de la Lumière
10%
Ultramafus Subterreur Béhémoth
10%
Bouillant Dragon Rouge Archdémon Roi de la Calamité
0%
Dragon de la Révolution aux Yeux Impairs
0%
Le Premier Ange Déchu
0%
Néo Dragon Ultime aux Yeux Bleus
0%
Roi du Train à Vapeur Samourai Supralourd
0%
Shura, l'Etoile de Combat
0%
Supradragon Arc-en-Ciel
0%
Aucun quiz correspondant
Distribution des résultats
% des personnes avec chaque résultat
Percentile par nombre de réponses
Votre historique - résultats
Vous n’avez pas pris ce quiz